| 000 | 00771nam a2200229Ia 4500 | ||
|---|---|---|---|
| 001 | 10030 | ||
| 003 | GE_BSU | ||
| 008 | 181216s||||||||xx |||||||||||||| ||und|| | ||
| 040 | _cGE_BSU | ||
| 080 | _a82-93:821.353.1-1 | ||
| 100 | _aონელი,არნო | ||
| 245 | _aგზა,რომელიც ბრწყინავს მარად | ||
| 245 | _bლექსები | ||
| 245 | _cრედ.ე.კუბლაშვილი.მხატვ.გ.ქლიბაძე | ||
| 260 | _aთბილისი | ||
| 260 | _bნაკადული | ||
| 260 | _c1988 | ||
| 300 | _a78გვ.ილ.21სმ. | ||
| 653 | _aგზა,რომელიც ბრწყინავს მარად | ||
| 653 | _aლექსები | ||
| 942 | _cBK | ||
| 999 |
_c43303 _d43303 |
||